000 01361nam a22001937a 4500
005 20250613153609.0
010 _aB-773354-367 25BACHN25
020 _c795.00
_a9788171380190
035 _aB-773354-367
037 _bसामयिक प्रकाशन
082 _a483.2
245 _aसामयिक प्रशासनिक कोशः
_c(अंग्रेजी -हिन्दी) /
_bगोपीनाथ श्रीवास्तव द्वारा संपादित
260 _aनई दिल्ली
_bसामयिक प्रकाशन
_c2023
270 _bनई दिल्ली
_a3320-21,जटवाडा, नेताजी सुभाष मार्ग, दरियागंज
_e110002
300 _a382पृ.
_c23सेमी( सजिल्द)
710 _963494
_aगोपीनाथ श्रीवास्तव
_eसम्पादक
942 _2ddc
_cHN
_mसामयि
_h483.2
_e1
999 _c209877
_d209877